000 01026nam a2200277Ia 4500
008 130821s2011 ck gr spa
020 _a9780071664028
020 _a9786071505422
040 _aCo-BoUCM
_bspa
041 0 0 _aspa
100 1 _aLeanne, Shel
_9168025
245 1 0 _aLiderazgo al estilo de Barack Obama
_cShel Leanne ;traducción de Ma. del Carmen Chávez García
246 1 4 _aLiderazgo al estilo de Barack Obama
_bhaga que el cambio suceda.
260 _aBogotá (Colombia)
_bMéxico D.F Mc Graw Hill
_c2011
300 _axxvii, 274 páginas
490 0 _aEducación
504 _aIncluye referencias bibliográficas e índice.
600 1 4 _aObama, Barack
_xPensamiento político
_9168026
650 0 4 _aAdministración de empresas
_9435
650 0 4 _aÉxito
_915413
650 0 4 _aLiderazgo
_918533
700 1 _aChávez García,Ma. del Carmen
_etrad.
_9168027
765 _tLeadership the Barack Obama Way.
942 _cLIBRO
_a16
_e1
_mL437
_2DEWEY
_h658.4092
999 _c71724
_d71724